00555nam a2200169Ia 4500003000500000005001700005008004100022020002900063040001400092082001500106245002200121260003900143300002300182942005600205999001900261952010500280322820250203120740.0220630s9999 xx 000 0 und d a9781845317713qpaperback aRDAc3228 aJ 597 THIN 0aThings with Fins  aIndia ;bAutumn Publishing ,c2008 a[unnumbered]c21cm cBK2ddcw163xKhulile Ngwenyay163zKhulile Ngwenya c771947d771946 00102ddc4070aLYDELbLEROLd2025-02-03l0oJ 597 THINp33228031025543r2025-02-03w2025-02-03yBK